[Event "SR 3. liga A2 2009/2010"]
[Site "?"]
[Date "2010.02.13"]
[Round "9.7"]
[White "Ujhelyi, Matus"]
[Black "Hornak, Pavol"]
[Result "1-0"]
[WhiteElo "1983"]
[BlackElo "1787"]
[PlyCount "61"]
[EventDate "2009.??.??"]

1. e4 c5 2. Nf3 d6 3. d4 cxd4 4. Nxd4 Nf6 5. Nc3 a6 6. Be2 e5 7. Nf5 Bxf5 8.
exf5 Be7 9. Bf3 Qc7 10. Bg5 Nbd7 11. h4 Rc8 12. Rc1 h6 13. Be3 Nb6 14. Qd3 Nc4
15. Nd1 Nxe3 16. Nxe3 b5 17. b4 d5 18. Nxd5 Nxd5 19. Bxd5 Bxb4+ 20. Ke2 O-O 21.
f6 Qc3 22. fxg7 Qxd3+ 23. cxd3 Kxg7 24. Bb7 Rxc1 25. Rxc1 a5 26. Rc7 Kg6 27.
Bd5 f6 $11 28. g4 Rb8 29. Be6 h5 30. Bf5+ Kh6 31. Rh7# 1-0

[Event "SR 3. liga A2 2009/2010"]
[Site "?"]
[Date "2010.02.13"]
[Round "9.8"]
[White "Olos, Stanislav"]
[Black "Takacs, Laszlo"]
[Result "1/2-1/2"]
[WhiteElo "1604"]
[BlackElo "1838"]
[PlyCount "91"]
[EventDate "2009.??.??"]

1. e4 c5 2. Nf3 e6 3. d4 cxd4 4. Nxd4 Nf6 5. Bd3 Nc6 6. c3 d5 7. Nxc6 bxc6 8.
exd5 cxd5 9. O-O Bd7 10. Be3 Bd6 11. Be2 Qb8 12. h3 Qxb2 13. Nd2 Qb8 14. c4 O-O
15. cxd5 Nxd5 16. Bd4 Nf4 17. Rb1 Qd8 18. Bf3 Rb8 19. Ne4 Rxb1 20. Qxb1 Bb8 21.
Bc5 f5 22. Ng3 Rf6 23. Qb4 Nd3 24. Qd4 Nxc5 25. Qxc5 Qc7 26. Qd4 e5 27. Qb2 Rb6
28. Qd2 e4 29. Rc1 Rc6 30. Qd5+ Kh8 31. Rxc6 Qxc6 32. Qf7 Bd6 33. Be2 Qc8 34.
Qd5 Bc5 35. Bc4 e3 36. fxe3 Bxe3+ 37. Kf1 f4 38. Ne4 Bc6 39. Qd3 Qa8 40. Ng5
Bxg2+ 41. Ke1 Be4 42. Qxe4 Qxe4 43. Nxe4 g6 44. Ke2 Kg7 45. Kf3 h5 46. Nc3
1/2-1/2

[Event "SR 3. liga A2 2009/2010"]
[Site "?"]
[Date "2009.12.20"]
[Round "9.2"]
[White "Sturdik, Igor"]
[Black "Pribila, Gerhard"]
[Result "1-0"]
[WhiteElo "2047"]
[BlackElo "2018"]
[PlyCount "75"]
[EventDate "2009.??.??"]

1. e4 c5 2. Nf3 d6 3. d4 cxd4 4. Nxd4 Nf6 5. Nc3 g6 6. Be3 Bg7 7. f3 O-O 8. Bc4
Nc6 9. Qd2 Bd7 10. O-O-O Rc8 11. Bb3 Ne5 12. h4 h5 13. Bg5 Rc5 14. Kb1 b5 15.
g4 hxg4 16. h5 Nxh5 17. Bh6 Nxf3 18. Nxf3 gxf3 19. Nd5 e5 20. Rxh5 Rxd5 21.
Bxd5 gxh5 22. Bg5 Bf6 23. Bh6 Bg7 24. Bg5 Bf6 25. Bh6 Re8 26. Qe3 Bg4 27. Rg1
Qb6 28. Qc1 Rc8 29. Be3 Qc7 30. c3 Kh7 31. Qf1 a6 32. Qf2 Qe7 33. Qh2 Bg5 34.
Rxg4 Bxe3 35. Qxh5+ Bh6 36. Qf5+ Kh8 37. Qxc8+ Bf8 38. Qf5 1-0

[Event "SR 3. liga A2 2009/2010"]
[Site "?"]
[Date "2009.12.20"]
[Round "9.3"]
[White "Pribila, Michal"]
[Black "Bahna, Jan"]
[Result "1/2-1/2"]
[WhiteElo "2093"]
[BlackElo "1960"]
[PlyCount "67"]
[EventDate "2009.??.??"]

1. e4 e5 2. Nf3 Nc6 3. d4 exd4 4. Nxd4 d6 5. Bc4 Nf6 6. Nc3 Be7 7. f3 O-O 8.
Be3 a6 9. Nxc6 bxc6 10. Qd2 Be6 11. Bxe6 fxe6 12. O-O d5 13. exd5 exd5 14. Ne2
c5 15. c3 c6 16. b4 Nd7 17. a3 Bd6 18. Bf2 Qc7 19. Bg3 Rae8 20. Bxd6 Qxd6 $11
21. Rfe1 Re6 22. Ng3 Rg6 23. Rad1 cxb4 24. axb4 Ne5 25. Qe2 Nc4 26. Qe7 a5 27.
Qxd6 Rxd6 28. bxa5 Nxa5 29. Ne4 Re6 30. Nc5 Rxe1+ 31. Rxe1 Rb8 32. Re7 Rb5 33.
Ne6 Rb7 34. Rxb7 $11 1/2-1/2

[Event "SR 3. liga A2 2009/2010"]
[Site "?"]
[Date "2009.12.20"]
[Round "9.4"]
[White "Hagara, Vladimir"]
[Black "Kocak, Branislav"]
[Result "1/2-1/2"]
[WhiteElo "1942"]
[BlackElo "1934"]
[PlyCount "72"]
[EventDate "2009.??.??"]

1. c4 Nf6 2. Nc3 e5 3. e4 d6 4. Be2 c5 5. Nf3 Nc6 6. d3 Nd4 7. Nxd4 cxd4 8. Nd5
Nxd5 9. cxd5 Be7 10. O-O O-O 11. f4 f5 12. fxe5 dxe5 13. Qb3 Qb6 14. Qxb6 axb6
15. Bd2 fxe4 16. Rxf8+ Bxf8 17. dxe4 Bd6 18. Bb5 Bg4 19. a3 Rc8 20. Rc1 Rc5 21.
Bd3 Bd7 22. Rf1 Rc8 23. h3 h6 24. Kf2 Rf8+ 25. Ke1 Rxf1+ 26. Kxf1 Kf7 27. Kf2
Kf6 $11 28. Kg3 Ba4 29. Kf3 Bd7 30. g4 g5 31. Kg3 Kg6 32. Bc2 Bb5 33. Kf2 Bc5
34. Bd1 Bd3 35. Bf3 Bb5 36. Bd1 Bd7 $11 1/2-1/2

[Event "SR 3. liga A2 2009/2010"]
[Site "?"]
[Date "2009.12.20"]
[Round "9.5"]
[White "Valla, Tomas"]
[Black "Klanica, Anton"]
[Result "1-0"]
[WhiteElo "1780"]
[BlackElo "1894"]
[PlyCount "103"]
[EventDate "2009.??.??"]

1. e4 e6 2. d4 d5 3. Nc3 Nf6 4. e5 Nfd7 5. Qg4 a6 6. Bg5 f5 7. Bxd8 fxg4 8.
Bxc7 Nc6 9. O-O-O b5 10. Be2 h5 11. h3 g3 12. fxg3 Ra7 13. Bd6 Bxd6 14. exd6
Nf6 15. Nf3 Bd7 16. Ne5 Rf8 17. Rhf1 Kd8 18. g4 hxg4 19. Bxg4 Re8 20. Be2 Rg8
21. g4 Ne8 22. Rf7 Nb8 23. Rdf1 Nxd6 24. Rf8+ Rxf8 25. Rxf8+ Be8 26. Bd3 Re7
27. Ne2 Nd7 28. Nxd7 Rxd7 29. Rf3 g5 30. Rf6 Ke7 31. Rf1 Bf7 32. Ng1 Rd8 33.
Nf3 Rg8 34. Ne5 Be8 35. a4 Rh8 36. Rf3 Rg8 37. axb5 axb5 38. c3 Kd8 39. Kc2 Kc7
40. Rf6 Bd7 41. Nxd7 Kxd7 42. Rg6 Rxg6 43. Bxg6 Nc4 44. Kb3 Ke7 45. Bd3 Nd6 46.
Kb4 Nb7 47. Kxb5 Kd7 48. b4 Nd6+ 49. Ka4 Ne4 50. Bxe4 dxe4 51. Kb3 Kd6 52. c4
1-0

[Event "SR 3. liga A2 2009/2010"]
[Site "?"]
[Date "2009.12.20"]
[Round "9.6"]
[White "Puskas, Miroslav"]
[Black "Brunovsky, Peter"]
[Result "1/2-1/2"]
[WhiteElo "1980"]
[BlackElo "1762"]
[PlyCount "31"]
[EventDate "2009.??.??"]

1. e4 c6 2. d4 d5 3. exd5 cxd5 4. Bd3 Nc6 5. c3 g6 6. Nf3 Bg7 7. O-O Nh6 8.
Bxh6 Bxh6 9. Re1 O-O 10. Nbd2 Bg7 11. Qc2 Bd7 12. b4 Rc8 13. Qb3 e6 14. a4 Qc7
15. Rac1 Qd6 16. b5 $11 1/2-1/2

[Event "SR 3. liga A2 2009/2010"]
[Site "?"]
[Date "2009.12.20"]
[Round "9.7"]
[White "Zajicek, Ferdinand"]
[Black "Babirat, Michal"]
[Result "1/2-1/2"]
[WhiteElo "1924"]
[BlackElo "1737"]
[PlyCount "102"]
[EventDate "2009.??.??"]

1. e4 c5 2. Nf3 d6 3. Nc3 Nc6 4. b3 g6 5. Bb2 Bg7 6. Bc4 Nf6 7. Qc1 O-O 8. h3
a6 9. O-O e6 10. Be2 b5 11. d3 d5 12. exd5 exd5 13. Re1 Re8 14. Qd2 d4 15. Nd1
b4 16. Nh2 Qc7 17. Bf3 Bb7 18. a3 Rxe1+ 19. Qxe1 Re8 20. Qd2 a5 21. axb4 axb4
22. Bc1 Ne5 23. Bxb7 Qxb7 24. f3 Nd5 25. Nf2 f5 26. Bb2 Nf7 27. Re1 Qd7 28. Re2
Bh6 29. Qe1 Rxe2 30. Qxe2 Kf8 31. g3 Qe7 32. Qxe7+ Kxe7 33. Nd1 Nd6 34. f4 Nb5
35. Nf3 Na3 36. Ne1 g5 37. fxg5 Bxg5 38. Kf2 Bd2 39. Nf3 Be3+ 40. Nxe3 dxe3+
41. Ke2 Nxc2 42. d4 Nxd4+ 43. Bxd4 cxd4 44. Nxd4 Kf6 45. Nc2 f4 46. gxf4 Nxf4+
47. Kxe3 Nxh3 48. Nxb4 Ke5 49. Nc2 Ng5 50. b4 Kd5 51. Kf4 Ne6+ 1/2-1/2

[Event "SR 3. liga A2 2009/2010"]
[Site "?"]
[Date "2009.12.20"]
[Round "9.8"]
[White "Kolenak, Matus"]
[Black "Kastler, Peter"]
[Result "1/2-1/2"]
[WhiteElo "1660"]
[BlackElo "1721"]
[PlyCount "111"]
[EventDate "2009.??.??"]

1. e4 e5 2. Nf3 Nf6 3. Nc3 Nc6 4. d4 exd4 5. Nxd4 Bb4 6. f3 O-O 7. Bg5 Re8 8.
Bc4 d5 9. Nxc6 bxc6 10. Be2 d4 11. a3 Be7 12. Na2 c5 13. O-O c6 14. Bc4 Rb8 15.
Rb1 Bd6 16. f4 Rxe4 17. Bd3 Re8 18. f5 Be7 19. Qf3 Qd5 20. b3 Qxf3 21. Rxf3 Nd5
22. Bd2 Bd6 23. Rbf1 f6 24. Nc1 Nc7 25. Ne2 Ba6 26. Bxa6 Nxa6 27. Nf4 Nc7 28.
h4 Kf7 29. h5 Re7 30. h6 Rg8 31. Rh3 Be5 32. hxg7 Kxg7 33. Rff3 Kh8 34. Ng6+
Rxg6 35. fxg6 Rg7 36. gxh7 Rxh7 37. Bh6 Ne6 38. Kf1 Kg8 39. Ke2 Kf7 40. Bd2 Rg7
41. Kf1 Nc7 42. Rh5 Ke6 43. Rh8 Nb5 44. Bh6 Rf7 45. a4 Nd6 46. Ke2 c4 47. Bf8
Ne4 48. bxc4 Nc3+ 49. Kd3 Nxa4 50. Ba3 Rg7 51. g3 Nc3 52. Re8+ Kd7 53. Ra8 Ke6
54. Re8+ Kd7 55. Ra8 Ke6 56. Re8+ 1/2-1/2

[Event "SR 3. liga A2 2009/2010"]
[Site "?"]
[Date "2010.02.28"]
[Round "9.1"]
[White "Gasa, Andrej"]
[Black "Ivan, Imrich ml"]
[Result "1-0"]
[WhiteElo "2220"]
[BlackElo "2079"]
[PlyCount "107"]
[EventDate "2009.??.??"]

1. e4 e6 2. d4 d5 3. Nd2 dxe4 4. Nxe4 Nd7 5. Nf3 Ngf6 6. Bg5 Be7 7. Nxf6+ Bxf6
8. Bxf6 Qxf6 9. Bd3 O-O 10. O-O b6 11. Bb5 Rb8 12. Bc6 Rd8 13. Qe2 Bb7 14. Bxb7
Rxb7 15. Qa6 Rdb8 16. Rfd1 h6 17. c3 Qf5 18. Rd2 c5 19. Rad1 Qe4 20. h3 Rc7 21.
Qa3 Nf6 22. c4 Rd8 23. Qe3 cxd4 24. Qxe4 Nxe4 25. Rxd4 Rxd4 26. Rxd4 Nf6 27.
Rd8+ Kh7 28. b3 g6 29. Kf1 Ne4 30. Nd4 Nc3 31. a4 Kg7 32. f3 e5 33. Nb5 Nxb5
34. axb5 Kf6 35. Ke2 h5 36. h4 Kf5 37. Ke3 f6 38. Rg8 Rh7 39. Rc8 Rd7 40. Rc6
g5 41. hxg5 Kxg5 42. Rc8 Rd1 43. Rc7 Rb1 44. Rxa7 Kf5 45. Ra3 Re1+ 46. Kf2 Rc1
47. Ra6 h4 48. Rxb6 Rc2+ 49. Kg1 Rc3 50. Kh2 Kg5 51. Rb8 Rxb3 52. c5 Kf5 53. c6
Rc3 54. Re8 1-0

[Event "SR 3. liga A2 2009/2010"]
[Site "?"]
[Date "2010.02.28"]
[Round "9.2"]
[White "Abraham, Jan"]
[Black "Sebesta, Radovan"]
[Result "1-0"]
[WhiteElo "1981"]
[BlackElo "2086"]
[PlyCount "57"]
[EventDate "2009.??.??"]

1. Nf3 Nf6 2. b3 g6 3. Bb2 Bg7 4. e3 O-O 5. Be2 b6 6. O-O Bb7 7. c4 c5 8. Nc3
d5 9. d4 dxc4 10. Bxc4 Nbd7 11. Qe2 cxd4 12. exd4 e6 13. Rfd1 Re8 14. Rac1 Nd5
15. Qd2 Nxc3 16. Rxc3 Nf6 17. Rd3 Nd5 18. Ne5 a6 19. a4 Rc8 20. Ng4 Qh4 21. Rg3
Red8 22. Bc1 Ne7 23. Qf4 e5 24. Qxf7+ Kh8 25. Nxe5 Bxe5 26. Rh3 Qxh3 27. gxh3
Nf5 28. Bg5 Bd5 29. Bxd5 1-0

[Event "SR 3. liga A2 2009/2010"]
[Site "?"]
[Date "2010.02.28"]
[Round "9.3"]
[White "Palka, Miroslav"]
[Black "Csefalvay, Stefan"]
[Result "1-0"]
[WhiteElo "1976"]
[BlackElo "1908"]
[PlyCount "76"]
[EventDate "2009.??.??"]

1. c4 Nf6 2. Nc3 g6 3. e4 d6 4. d4 Bg7 5. f3 O-O 6. Be3 c6 7. Qd2 a6 8. g4 b5
9. h4 e5 10. h5 Nbd7 11. hxg6 fxg6 12. d5 b4 13. Nce2 cxd5 14. g5 d4 15. gxf6
Nxf6 16. Bg5 Qb6 17. Ng3 Be6 18. Bd3 Rac8 19. b3 a5 20. Qh2 h5 21. Qd2 Qb7 22.
Bh6 Qf7 23. Nh3 Nh7 24. Bxg7 Qxf3 25. Bxf8 Qxg3+ 26. Nf2 Ng5 27. O-O-O Nf3 28.
Qe2 Rxf8 29. Rhf1 Kg7 30. Nh1 Qg5+ 31. Kb2 Bg4 32. Qf2 Rf4 33. Qc2 Qh4 34. Be2
Qh3 35. Nf2 Qg3 36. Nxg4 hxg4 37. Bxf3 gxf3 38. c5 Rxe4 1-0

[Event "SR 3. liga A2 2009/2010"]
[Site "?"]
[Date "2010.02.28"]
[Round "9.4"]
[White "Vizvari, Ludovit"]
[Black "Palka, Martin"]
[Result "1/2-1/2"]
[WhiteElo "2015"]
[BlackElo "1889"]
[PlyCount "80"]
[EventDate "2009.??.??"]

1. d4 d5 2. c4 c6 3. Nf3 Nf6 4. Nc3 e6 5. e3 Nbd7 6. Bd3 dxc4 7. Bxc4 b5 8. Bd3
Bd6 9. O-O Bb7 10. e4 e5 11. Bg5 O-O 12. d5 Qb8 13. dxc6 Bxc6 14. Bxb5 Bxb5 15.
Nxb5 Qxb5 16. Qxd6 Nxe4 17. Qa3 Nxg5 18. Nxg5 Nf6 19. Rfe1 h6 20. Nf3 Rfe8 21.
Rac1 e4 22. Nd4 Qg5 23. Qc5 Qf4 24. Ne2 Qd2 25. Qc2 e3 26. f3 Rad8 27. Qb1 Nd5
28. Rcd1 Qa5 29. a3 Qb6 30. Rd3 Nc7 31. b4 Nb5 32. Kh1 Rxd3 33. Qxd3 Rd8 34.
Qb3 Rd2 35. h3 Nd6 36. Ng3 e2 37. Rxe2 Rxe2 38. Nxe2 Nf5 39. Qd3 g6 40. g4 Nh4
1/2-1/2

[Event "SR 3. liga A2 2009/2010"]
[Site "?"]
[Date "2010.02.28"]
[Round "9.5"]
[White "Fidericky, Milan"]
[Black "Szabo, Gabor"]
[Result "0-1"]
[WhiteElo "1852"]
[BlackElo "1941"]
[PlyCount "82"]
[EventDate "2009.??.??"]

1. e4 c5 2. f4 e6 3. Nf3 d5 4. Bb5+ Nd7 5. e5 a6 6. Bxd7+ Bxd7 7. O-O d4 8. d3
f5 9. exf6 gxf6 10. Nh4 Qe7 11. Qh5+ Qf7 12. Qxf7+ Kxf7 13. Nd2 Ne7 14. Ne4 Nd5
15. a3 h6 16. c4 dxc3 17. Nxc3 Rg8 18. Nxd5 exd5 19. Bd2 Rg4 20. g3 Bd6 21. Kf2
Rgg8 22. Rae1 Bc7 23. Bc3 d4 24. Bd2 h5 25. Rd1 Rge8 26. Rfe1 Bb5 27. Rxe8 Rxe8
28. Bc1 Re6 29. Ng2 Ba5 30. b3 Bc6 31. Ne1 Bd5 32. b4 Bb3 33. Rd2 cxb4 34. Re2
bxa3 35. Bxa3 Bd1 36. Rxe6 Kxe6 37. Nf3 Bc3 38. h3 b5 39. g4 Bxf3 40. Kxf3
hxg4+ 41. hxg4 b4 0-1

[Event "SR 3. liga A2 2009/2010"]
[Site "?"]
[Date "2010.02.28"]
[Round "9.6"]
[White "Vegh, Vince"]
[Black "Lanik, Miroslav"]
[Result "1-0"]
[WhiteElo "1920"]
[BlackElo "1745"]
[PlyCount "75"]
[EventDate "2009.??.??"]

1. e4 c5 2. Nf3 d6 3. d4 cxd4 4. Nxd4 Nf6 5. Nc3 a6 6. Be3 e5 7. Nb3 Be6 8. f3
Nbd7 9. Be2 b5 10. a3 Be7 11. O-O O-O 12. Qe1 Nb6 13. Rd1 Qc7 14. f4 Nc4 15.
Bc1 Qb6+ 16. Qf2 Qxf2+ 17. Rxf2 exf4 18. Rxf4 Ne5 19. Nd5 Bxd5 20. exd5 Rac8
21. c3 Nfd7 22. a4 bxa4 23. Rxa4 Rb8 24. Nd4 Nc5 25. Ra3 Rb6 26. b4 Ne4 27. Bf4
Bf6 28. Be3 Bg5 29. Bxg5 Nxg5 30. Rxa6 Rfb8 31. Rda1 g6 32. Nc6 R8b7 33. Nxe5
dxe5 34. b5 Ne4 35. c4 Nc5 36. Rxb6 Rxb6 37. Ra8+ Kg7 38. Rc8 1-0

[Event "SR 3. liga A2 2009/2010"]
[Site "?"]
[Date "2010.02.28"]
[Round "9.7"]
[White "Havlicek, Peter"]
[Black "Varkonyi, Miklos"]
[Result "1/2-1/2"]
[WhiteElo "1671"]
[BlackElo "1761"]
[PlyCount "53"]
[EventDate "2009.??.??"]

1. e4 c5 2. Bc4 e6 3. Nf3 d6 4. O-O Nf6 5. Re1 Nc6 6. Nc3 a6 7. d4 b5 8. Bf1
cxd4 9. Nxd4 Bb7 10. a3 Be7 11. Nxc6 Bxc6 12. Bd3 O-O 13. Bf4 e5 14. Bg3 Bd7
15. h3 Be6 16. b4 Rc8 17. Ne2 Bc4 18. f4 Nh5 19. Bh2 Qb6+ 20. Kh1 Nxf4 21. Nxf4
exf4 22. Bxf4 Bf6 23. e5 dxe5 24. Bxe5 Bxe5 25. Rxe5 Bxd3 26. Qxd3 Rfd8 27. Qe2
1/2-1/2

[Event "SR 3. liga A2 2009/2010"]
[Site "?"]
[Date "2010.02.28"]
[Round "9.8"]
[White "Szabo, Julius"]
[Black "Gasa, Patrik"]
[Result "1/2-1/2"]
[WhiteElo "1721"]
[BlackElo "1465"]
[PlyCount "68"]
[EventDate "2009.??.??"]

1. e4 c5 2. Nf3 d6 3. d4 cxd4 4. Nxd4 Nf6 5. Nc3 g6 6. Bc4 Bg7 7. Bb3 Nc6 8.
Be3 Ng4 9. Qd2 Nxe3 10. fxe3 a6 11. Nce2 O-O 12. c3 Bd7 13. O-O Ne5 14. Ng3 Rc8
15. Nde2 Qb6 16. Rad1 a5 17. Nf4 a4 18. Bc2 e6 19. Rb1 Nc4 20. Qf2 Qxe3 21.
Rfe1 Qxf2+ 22. Kxf2 Bc6 23. Nfe2 Rcd8 24. Nd4 Be8 25. Bd3 Ne5 26. Bc2 d5 27.
exd5 Rxd5 28. Be4 Rd7 29. Bc2 Re7 30. Ne4 f5 31. Ng5 Ng4+ 32. Kg1 Bxd4+ 33.
cxd4 e5 34. h3 Nh6 1/2-1/2

[Event "SR 3. liga A2 2009/2010"]
[Site "?"]
[Date "2010.03.14"]
[Round "10.1"]
[White "Szitasi, Janos"]
[Black "Gasa, Andrej"]
[Result "0-1"]
[WhiteElo "2005"]
[BlackElo "2220"]
[PlyCount "108"]
[EventDate "2009.??.??"]

1. e4 c5 2. Nf3 d6 3. d4 cxd4 4. Nxd4 Nf6 5. Nc3 a6 6. Be2 e6 7. O-O Be7 8. Be3
O-O 9. Qd2 b5 10. a3 Bb7 11. Bf3 Qc7 12. Nde2 Nbd7 13. Ng3 Ne5 14. Be2 Nc4 15.
Bxc4 Qxc4 16. Qd4 Rac8 17. Rad1 Qc7 18. Qb6 Qxb6 19. Bxb6 Rc4 20. Rfe1 b4 21.
axb4 Rxb4 22. Bd4 Rc8 23. f4 d5 24. Kh1 Nxe4 25. Ncxe4 dxe4 26. Bc3 Rbc4 27.
Rd7 R4c7 28. Rxc7 Rxc7 29. Nxe4 Rc4 30. Ng5 Rxf4 31. Nh3 Rg4 32. Re2 f6 33. Kg1
e5 34. g3 Bc5+ 35. Nf2 Re4 36. Kf1 Rxe2 37. Kxe2 Kf7 38. Ba5 Ke6 39. c4 f5 40.
Bc3 g5 41. b4 Bd6 42. Nd3 Bc8 43. Bd2 f4 44. c5 Bc7 45. h4 h6 46. hxg5 hxg5 47.
gxf4 exf4 48. Kf3 Kf5 49. c6 g4+ 50. Kf2 Be6 51. Nc5 Bc4 52. Bc3 Bb5 53. Bd4
g3+ 54. Kg1 f3 0-1

[Event "SR 3. liga A2 2009/2010"]
[Site "?"]
[Date "2010.03.14"]
[Round "10.2"]
[White "Sebesta, Radovan"]
[Black "Kosar, Mikulas"]
[Result "1-0"]
[WhiteElo "2086"]
[BlackElo "1876"]
[PlyCount "97"]
[EventDate "2009.??.??"]

1. d4 Nf6 2. c4 e6 3. Nc3 d5 4. Bg5 Nbd7 5. cxd5 exd5 6. e3 c6 7. Bd3 Bb4 8.
Nge2 O-O 9. O-O h6 10. Bh4 Qc7 11. Rc1 a6 12. Qb3 Be7 13. Bg3 Qd8 14. Rfd1 Nh5
15. Na4 Nxg3 16. Nxg3 b5 17. Nc3 Nf6 18. Nf5 Bxf5 19. Bxf5 Qd6 20. Qc2 g6 21.
Bh3 a5 22. g3 Ra6 23. Bg2 b4 24. Na4 Rc8 25. b3 Qe6 26. Nc5 Bxc5 27. Qxc5 Ne4
$11 28. Bxe4 Qxe4 29. Qc2 Qxc2 30. Rxc2 f5 31. Rdc1 Kf7 32. a4 bxa3 33. Ra2 Rb8
34. Rxa3 Ke7 35. Rc5 Rb5 36. Rc1 Kd6 37. Kf1 Rab6 38. Kg2 g5 39. h3 h5 40. Rca1
Rxb3 41. Rxb3 Rxb3 42. Rxa5 g4 43. Ra8 Rb2 44. h4 Rb7 45. Rh8 Rf7 46. Rxh5 Rf6
47. Rg5 Ke6 48. f3 gxf3+ 49. Kxf3 1-0

[Event "SR 3. liga A2 2009/2010"]
[Site "?"]
[Date "2010.03.14"]
[Round "10.3"]
[White "Szekely, Stefan"]
[Black "Palka, Miroslav"]
[Result "1/2-1/2"]
[WhiteElo "1984"]
[BlackElo "1976"]
[PlyCount "85"]
[EventDate "2009.??.??"]

1. c4 c5 2. Nc3 Nc6 3. Nf3 Nf6 4. g3 g6 5. Bg2 Bg7 6. O-O O-O 7. d4 cxd4 8.
Nxd4 Nxd4 9. Qxd4 d6 10. Qh4 Qb6 11. h3 Bd7 12. Nd5 Nxd5 13. cxd5 Bb5 14. Bf3
Qa6 15. Re1 Rac8 16. a4 Rfe8 17. Qb4 Bd7 18. Kg2 Rc4 19. Qd2 Rxa4 20. Ra3 Rxa3
21. bxa3 Rc8 22. Bb2 Bxb2 23. Qxb2 b6 24. Rc1 Rxc1 25. Qxc1 Qc8 26. Qe3 Bxh3+
27. Kh2 e5 28. Qg5 Bd7 29. Qf6 Qf8 30. g4 Bb5 31. g5 Qb8 32. Bg4 Qc7 33. e3 Bc4
34. e4 b5 35. f4 exf4 36. Bf3 Bd3 37. e5 dxe5 38. d6 Qc2+ 39. Bg2 Qc8 $11 40.
Bb7 Qd7 41. Bc6 Qxc6 42. Qd8+ Kg7 43. Qf6+ 1/2-1/2

[Event "SR 3. liga A2 2009/2010"]
[Site "?"]
[Date "2010.03.14"]
[Round "10.4"]
[White "Both, Lajos"]
[Black "Zisek, Jaroslav"]
[Result "1/2-1/2"]
[WhiteElo "1904"]
[BlackElo "1890"]
[PlyCount "112"]
[EventDate "2009.??.??"]

1. c4 Nf6 2. Nc3 g6 3. g3 Bg7 4. Bg2 e5 5. e4 d6 6. Nge2 O-O 7. d3 Nbd7 8. O-O
c6 9. h3 Ne8 10. Be3 a5 11. Kh2 Nc5 12. Qd2 f5 13. f4 exf4 14. Nxf4 Ne6 15. d4
Nxf4 16. Bxf4 Nf6 17. exf5 Bxf5 18. d5 c5 19. Nb5 Ra6 20. Rae1 Nh5 21. Bg5 Nf6
22. Rf2 Qb8 23. Rfe2 Bd7 24. Nc3 b5 25. cxb5 Bxb5 26. Nxb5 Qxb5 27. Re6 Rb6 28.
R1e2 Qa6 29. Rf2 Nd7 30. Rxf8+ Nxf8 31. Re8 Qb7 32. b3 Qf7 33. Re2 Ra6 34. Rf2
Qd7 35. Bf1 Ra8 36. Be2 Be5 37. Bg4 Qe8 38. Bh6 Bg7 39. Bxg7 Kxg7 40. Qf4 Qe7
41. Re2 Qf6 42. Qe3 h5 43. Rf2 Qe5 44. Qxe5+ dxe5 45. Be6 Ra7 46. Rc2 Nxe6 47.
dxe6 Rc7 48. Rc4 Kf6 49. Ra4 Ra7 50. Rc4 Rc7 51. Ra4 Kxe6 52. Rxa5 c4 53. bxc4
Rxc4 54. Kg2 Kf5 55. Kf3 Rc3+ 56. Kf2 Ke4 1/2-1/2

[Event "SR 3. liga A2 2009/2010"]
[Site "?"]
[Date "2010.03.14"]
[Round "10.5"]
[White "Arpa, Zoltan"]
[Black "Fidericky, Milan"]
[Result "1/2-1/2"]
[WhiteElo "1847"]
[BlackElo "1866"]
[PlyCount "116"]
[EventDate "2009.??.??"]

1. d4 Nf6 2. c4 e6 3. Nc3 d5 4. e3 Bb4 5. Bd2 O-O 6. a3 Bxc3 7. Bxc3 Nbd7 8.
Nf3 Ne4 9. Qc2 c6 10. Bd3 f5 11. O-O Ndf6 12. Ne5 Nxc3 13. bxc3 Qc7 14. Rfc1 g6
15. cxd5 exd5 16. c4 Be6 17. c5 Nd7 18. Nf3 h6 19. Rab1 Kg7 20. Qb3 Rab8 21.
Qa4 a6 22. Rb2 g5 23. Rcb1 f4 24. e4 dxe4 25. Bxe4 Nf6 26. Nd2 Nxe4 27. Nxe4
Bf5 28. Re1 Rfe8 29. Rbe2 Bxe4 30. Rxe4 Rxe4 31. Rxe4 Qf7 32. Qc2 Re8 33. f3
Qd7 34. Qe2 Kf7 35. Rxe8 Qxe8 36. Qxe8+ Kxe8 37. Kf2 Ke7 38. Ke2 Ke6 39. Kd3
Kd5 40. h3 h5 41. a4 a5 42. Kc3 Ke6 43. Kc4 Kf5 44. d5 cxd5+ 45. Kxd5 g4 46. h4
g3 47. c6 bxc6+ 48. Kxc6 Ke5 49. Kb5 Kd5 50. Kxa5 Kd4 51. Kb5 Ke3 52. a5 Kf2
53. a6 Kxg2 54. a7 Kh1 55. a8=Q g2 56. Qc8 g1=Q 57. Qh3+ Qh2 58. Qf1+ Qg1
1/2-1/2

[Event "SR 3. liga A2 2009/2010"]
[Site "?"]
[Date "2010.03.14"]
[Round "10.6"]
[White "Lanik, Miroslav"]
[Black "Kalmar, Tamas"]
[Result "1/2-1/2"]
[WhiteElo "1745"]
[BlackElo "1714"]
[PlyCount "62"]
[EventDate "2009.??.??"]

1. e4 e6 2. d4 d5 3. e5 c5 4. c3 Nc6 5. Nf3 Qb6 6. a3 Bd7 7. b4 cxd4 8. cxd4
Nge7 9. Be3 Nf5 10. Bd3 Nxe3 11. fxe3 Be7 12. O-O f6 13. Nc3 O-O 14. Na4 Qd8
15. exf6 Bxf6 16. Nc5 b6 17. Nxd7 Qxd7 18. Rc1 Qd6 19. Qc2 Rac8 20. Bxh7+ Kf7
21. Qa4 Ke7 22. Bd3 Rc7 23. Rc2 Nb8 24. Rfc1 Rfc8 25. Bg6 Nd7 26. Rxc7 Rxc7 27.
Rxc7 Qxc7 28. Qc2 Qxc2 29. Bxc2 e5 30. dxe5 Nxe5 31. Nxe5 Bxe5 1/2-1/2

[Event "SR 3. liga A2 2009/2010"]
[Site "?"]
[Date "2010.03.14"]
[Round "10.7"]
[White "Bernath, Mikulas"]
[Black "Havlicek, Peter"]
[Result "0-1"]
[WhiteElo "1895"]
[BlackElo "1671"]
[PlyCount "96"]
[EventDate "2009.??.??"]

1. d4 d5 2. Nf3 Nf6 3. e3 e6 4. c4 c6 5. Nc3 Bb4 6. Bd2 O-O 7. a3 Bd6 8. cxd5
exd5 9. g3 Bg4 10. Bg2 Ne4 11. Ne2 Qf6 12. Neg1 Nd7 13. Qb3 Nb6 14. Bb4 Nc4 15.
Bxd6 Ncxd6 16. h3 Bh5 17. Rc1 Rfe8 18. Rc2 Re7 19. Re2 Nc4 20. g4 Bg6 21. Qd1
Rae8 22. h4 h5 23. g5 Qd6 24. Nh3 Ng3 25. Ne5 Nxe2 26. Nxc4 dxc4 27. Qxe2 Bd3
28. Qd2 Qxd4 29. Kd1 Qg4+ 30. f3 Qxh4 31. Nf4 Qxg5 32. Rxh5 Qf6 33. e4 Qd4 34.
Nh3 Rd7 35. Kc1 Red8 36. Rg5 Qf6 37. Rf5 Qh4 38. Qc3 Qh6+ 39. f4 Rd4 40. Qa5
Bxe4 41. Bxe4 Qxh3 42. Qe1 Qh2 43. Bc2 Rd2 44. Bb1 Re2 45. Qf1 Rdd2 46. Rc5 Rg2
47. Rg5 Rgf2 48. Qg1 Rc2+ 0-1

[Event "SR 3. liga A2 2009/2010"]
[Site "?"]
[Date "2010.03.14"]
[Round "10.8"]
[White "Gasa, Patrik"]
[Black "Lelkes, Bela"]
[Result "0-1"]
[WhiteElo "1465"]
[BlackElo "1833"]
[PlyCount "66"]
[EventDate "2009.??.??"]

1. d4 d5 2. c4 c6 3. Nc3 Nf6 4. Nf3 h6 5. Bf4 dxc4 6. e4 Bg4 7. Bxc4 Bxf3 8.
gxf3 e6 9. a3 Nbd7 10. O-O Nh5 11. Bg3 Nb6 12. Bb3 Qg5 13. Ne2 O-O-O 14. Qc2
Bd6 15. Rfd1 Rd7 16. Rd3 Rhd8 17. Rad1 Bc7 18. Ba2 Nf6 19. b4 h5 20. h4 Qg6 21.
Kh2 Nxe4 22. fxe4 Qxe4 23. Nc3 Qxh4+ 24. Kg2 Qg4 25. Qe2 Rxd4 26. Qxg4 Rxg4 27.
Rxd8+ Bxd8 28. f3 Rg6 29. Kf2 Nd5 30. Ne4 Bb6+ 31. Ke1 f5 32. Nd6+ Kd7 33. Be5
Rg1+ 0-1

[Event "SR 3. liga A2 2009/2010"]
[Site "?"]
[Date "2010.03.14"]
[Round "10.1"]
[White "Lesny, Stefan"]
[Black "Pribila, Gerhard"]
[Result "1-0"]
[WhiteElo "2086"]
[BlackElo "2030"]
[PlyCount "97"]
[EventDate "2009.??.??"]

1. e4 c5 2. f4 d5 3. e5 Nc6 4. c3 Nh6 5. d3 Bg4 6. Qc2 Qb6 7. Nd2 Bf5 8. Qb3
Qxb3 9. Nxb3 Bxd3 10. Bxd3 c4 11. Bc2 cxb3 12. Bxb3 e6 13. Nf3 Bc5 14. Bc2 g6
15. Bd2 Ng4 16. Ke2 Nh6 17. a3 a6 18. Bd3 Nf5 19. g4 Nfe7 20. Rad1 Bb6 21. h3
Rc8 22. b4 Nb8 23. Rc1 Nec6 24. Rc2 Nd7 25. Rhc1 h5 26. g5 O-O 27. c4 dxc4 28.
Bxc4 Ne7 29. Bb3 Rxc2 30. Rxc2 Rc8 31. Rxc8+ Nxc8 32. Kd3 Bf2 33. Nd4 Kf8 34.
Bd1 Ne7 35. Bf3 Bxd4 36. Kxd4 Nc6+ 37. Kc4 b5+ 38. Kc3 Ndb8 39. Be3 Ke7 40.
Bc5+ Kd7 41. Bd6 Kc8 42. Be4 Nd8 43. Bxb8 Kxb8 44. Kd4 Nb7 45. Bxb7 Kxb7 46.
Kc5 Kc7 47. h4 Kd8 48. Kb6 Kd7 49. Kb7 1-0